000 00811nam a2200253Ia 4500
003 OSt
005 20221005105443.0
006 a|||||r|||| 00| 0
007 ta
008 221004b |||||||| |||| 00| 0 hin d
020 _a9788189211301 (hbk)
_c85
024 _a105704
037 _b12954, 18/03/2011, Kitab Ghar
_cTextual
040 _aCRL
_cCRL
_bhin
041 _2hin
_ahin
082 _aO152,3M80x, J6;Q0
100 _aप्रेमचंद
245 0 _aकफ़न
246 _aKaफ़na
260 _aनई दिल्ली
_bभारतीय ग्रंथ निकेतन भारत
_c2010
300 _a107पृ0
_ccm.
942 _hO152,3M80x, J6;Q0
_cTEXL
_2cc
999 _c1015872
_d1015872